Cartoon Characters by Picture - Hard - Statistics

General Stats
  • This quiz has been taken 125 times
  • The average score is 4 of 16
Answer Stats
Picture Answer % Correct
Dale
80%
Odie
63%
Lord Farquaad
40%
Al
36%
Wasabi
24%
Pain
21%
Tamatoa
21%
LeFou
20%
Tiger Lilly
15%
Heimlich
12%
Priscilla
10%
Tighten
9%
Chicha
7%
George Sanderson
7%
Mad Hare
5%
Gilbert Huph
3%
No matching quizzes found
Score Distribution
Percent of People with Each Score
Percentile by Number Answered
Your Score History
You have not taken this quiz